Reglamento de la Juventud Católica de Tarrasa
Descripción Física:
24 p. ; 21 cm
MARC
| LEADER | 00000nam a2200000Ia 4500 | ||
|---|---|---|---|
| 001 | 21479 | ||
| 003 | BGR | ||
| 005 | 20260410113703.0 | ||
| 008 | 160829s1895 xx 000 0 cat d | ||
| 080 | |a RF-12-91 | ||
| 110 | 1 | |a Juventud Católica de Tarrasa |9 71219 | |
| 245 | |a Reglamento de la Juventud Católica de Tarrasa | ||
| 260 | |a Barcelona : |b Imprenta der la Casa Provincial de Caridad, |c 1895 | ||
| 300 | |a 24 p. ; |c 21 cm | ||
| 590 | |a Prové de 2323, exp. 37. | ||
| 590 | |a A la portada: "Dominus vos benedicat et in bono iugiter confirmet." "El Señor os bendiga y os conforte siempre en el bíen." Autógrafo de León XIII á la Juventud Católica de Tarrasa, en 22 de Octubre de 1878. | ||
| 650 | |a Juventud Católica de Tarrasa |x Reglaments i procediment |9 43569 | ||
| 856 | 4 | |u https://media.diba.cat/diba/fitxers/arxiu/fulletons/bib_21479_1895_baixa.pdf |y Accés lliure | |
| 856 | 4 | |u https://media.diba.cat/diba/fitxers/arxiu/fulletons/bib_21479_1895_baixa.pdf |y Accés lliure | |
| 900 | |a bib_21479_1895_baixa.pdf | ||
| 901 | |a Arxiu | ||
| 942 | |n 1 |2 udc |c MON | ||
| 952 | |0 0 |1 0 |4 0 |6 RF1291 |7 1 |9 51512 |a Arxiu |b Arxiu |d 2016-12-01 |l 0 |o RF-12-91 |p 21479 |r 2016-12-01 00:00:00 |w 2016-12-01 |y ARXIU | ||
| 999 | |c 55356 |d 55356 | ||